AFL Rising Star Winners - Statistics

General Stats
  • This quiz has been taken 54 times
    6 since last reset
  • The average score is 13 of 33
Answer Stats
Year Team Answer % Correct
2017 Essendon Andrew McGrath
100%
2023 North Melbourne Harry Sheezel
100%
2025 Fremantle Murphy Reid
100%
2022 Collingwood Nick Daicos
100%
2019 Carlton Sam Walsh
100%
2020 Fremantle Caleb Serong
80%
2002 St Kilda Nick Riewoldt
80%
2024 Geelong Ollie Dempsey
80%
1998 North Melbourne Byron Pickett
60%
2011 Essendon Dyson Heppell
60%
2018 Collingwood Jaidyn Stephenson
60%
2016 Sydney Callum Mills
40%
2009 Brisbane Daniel Rich
40%
2015 Melbourne Jesse Hogan
40%
2007 Geelong Joel Selwood
40%
2003 Hawthorn Sam Mitchell
40%
1996 West Coast Ben Cousins
20%
2005 Richmond Brett Deledio
20%
2012 Adelaide Daniel Talia
20%
2013 Gold Coast Jaeger O'Meara
20%
2014 Brisbane Lewis Taylor
20%
2021 Melbourne Luke Jackson
20%
1993 Brisbane Nathan Buckley
20%
1999 Sydney Adam Goodes
0%
1994 Brisbane Chris Scott
0%
2010 Sydney Dan Hannebery
0%
2006 Port Adelaide Danyle Pearce
0%
2004 Melbourne Jared Rivers
0%
2001 St Kilda Justin Koschitzke
0%
1997 Port Adelaide Michael Wilson
0%
1995 Hawthorn Nick Holland
0%
2000 Fremantle Paul Hasleby
0%
2008 Fremantle Rhys Palmer
0%
No matching quizzes found
Score Distribution
Percent of People with Each Score
Percentile by Number Answered
Your Score History
You have not taken this quiz since the last reset